Küreselleşen dünya ve değişen Türkiye (Record no. 13037)

MARC details
000 -BAŞLIK
Sabit Uzunlukta Kontrol Alanı 00816na a2200289 4500
999 ## - SİSTEM KONTROL NUMARALARI (KOHA)
Koha Biblionumber 13037
Koha Biblioitemnumber 13037
001 - KONTROL NUMARASI
Denetim Alanı 15469
003 - KONTROL NUMARASI IDENTIFIER
Denetim Alanı MIRAKIL
005 - SON İŞLEM TARİHİ VE ZAMANI
Denetim Alanı 20190325122723.0
008 - SABİT-BOY VERİ ELEMANLARI - GENEL BİLGİLER
Sabit Uzunlukta Kontrol Alanı 161227b tu 000 0
020 ## - ULUSLARARASI STANDART KİTAP NUMARASI
Uluslararası Standart Kitap Numarası 9789756294147
035 ## - SİSTEM KONTROL NUMARASI
Sistem Kontrol Numarası 15469
040 ## - KATALOGLAMA KAYNAK
Orijinal Kataloglama Ajansı Milas
Kataloglama Dili tur
Metne Dönüştürmek Ajansı TR-AnCHP
041 ## - DİL KODU
Metin / Ses Parça Veya Ayrı Başlığın Dil Kodu tur
082 ## - DEWEY ONLU SINIFLANDIRMA NUMARASI
Sınıflandırma Numarası 327.09561
Ürün Numarası L27k 2011
090 ## - SINIFLAMA NUMARASI
Sınıflama Numarası 327.09561 L27k 2011
100 ## - ANA GİRİŞ - KİŞİSEL İSİM
Kişisel Ad Latif, Hüseyin
245 ## - BAŞLIK TABLOSU
Başlık Küreselleşen dünya ve değişen Türkiye
Sorumluluk Tablosu, Vb Hüseyin Latif
260 ## - YAYIN, DAĞITIM, VB
Yayın, Dağıtım, Vb Yeri İstanbul
Yayıncı, Dağıtıcı, Vs Adı BizimAvrupa yayınları
Yayın, Dağıtım, Vb Tarihi 2011
300 ## - FİZİKSEL TANIM
Kapsam 291 s.
Boyutlar 20 sm.
504 ## - KAYNAKÇA VB NOT
Kaynakça Vb Notu Dizin var.
650 ## - KONU KATMA GİRİŞ - TOPİKAL DÖNEM
Topikal Süreli Veya Coğrafi Ad Giriş Elemanı Küreselleşme
Genel Alt Bölümü Çevresel sorunlar
Coğrafi Alt Bölümü Türkiye
651 ## - KONU KATMA GİRİŞ - COĞRAFİ ADI
Coğrafi İsim Türkiye
Genel Alt Bölümü Sosyo ekonomik durum
651 ## - KONU KATMA GİRİŞ - COĞRAFİ ADI
Coğrafi İsim Türkiye
Genel Alt Bölümü Siyasal durum
Kronolojik Alt Bölümü Dış ilişkiler
942 ## - EKLENDİ GİRİŞ ELEMANLARI (KOHA)
Sınıflandırma Veya Raf Düzeni Kaynak Dewey Decimal Classification
Koha Öğesi Türü Books
999 ## - SİSTEM KONTROL NUMARALARI (KOHA)
Koha Biblioitemnumber 13037
999 ## - SİSTEM KONTROL NUMARALARI (KOHA)
Koha Biblioitemnumber 2135
Holdings
Kalıcı Konum Mevcut Konum Edinme Tarihi Toplam Check-Out'Lar Tam Çağrı Numarası Barkod Tarih Son Görülme İtibaren Geçerli Fiyatlar Koha Öğesi Türü
Parti Okulu Kütüphanesi Parti Okulu Kütüphanesi 03/25/2019   327.09561 L27k 2011 P00418 03/25/2019 03/25/2019 Books